Rat teeth, not roses
| Titel: | Rat teeth, not roses : aesthetics and politics of the grotesque in Gerhart Hauptmanns's naturalist theater / S. E. Jackson |
|---|---|
| Verfasser: | |
| In: |
German studies review, Band 42, Heft 3 (2019), Seite 427-445 alle Artikel anzeigen |
| Veröffentlicht: | 2019 |
| Format: | Aufsatz |
| Sprache: | Englisch |
X
alg: 45819085 001A $04504:29-01-20 001B $03025:31-03-26 $t12:23:23.000 001D $04504:29-01-20 001U $0utf8 001X $00 002@ $0Aou 002C $aText $btxt $2rdacontent 002D $aohne Hilfsmittel zu benutzen $bn $2rdamedia 002E $aBand $bnc $2rdacarrier 003@ $0458190853 007A $0458190853 $aHEB 010@ $aeng 010E $erda 011@ $a2019 021A $aRat teeth, not roses $daesthetics and politics of the grotesque in Gerhart Hauptmanns's naturalist theater $hS. E. Jackson 028A $BVerfasser $4aut $7 $8Jackson, S. E. [Tnu] $9371010152 031A $d42 $e3 $h427-445 $j2019 039B $aEnthalten in $8--Abvc--. German studies review. - Baltimore, MD : The Johns Hopkins University Press, 1978-. - ISSN 0149-7952 $x201900000420003573 $9047645075 044K $RDreyer, Max $R467018901 $RPalmetshofer, Ewald $R437960641 $RVor Sonnenaufgang $R473555042 $#Before sunrise $#Before Daybreak $#Prima del tramonto $#Voor Zonsondergang $#Hauptmann, Gerhart $#086887963 $74303413-5 $8Hauptmann, Gerhart$Z1862-1946 [Tp1]$aVor Sonnenaufgang [Tu1] $908666008X 044K $RKühner, Otto Heinrich $R473199548 $RKühner, Otto Heinrich $R473200228 $RKelly, Dennis $R473200449 $RThalheimer, Michael $R473202565 $RRose Bernd $R473171791 $RBernd Rose $R473172313 $RRose Bernd $R473173263 $RRose Bernd $R473175215 $RRose Bernd $R473198479 $#Hauptmann, Gerhart $#086887963 $74234727-0 $8Hauptmann, Gerhart$Z1862-1946 [Tp1]$aRose Bernd [Tu1] $9086227998 044K $RMotiv $#Grotesque $#Grotesque $#Grotesco $#Das @Groteske Motiv $74134841-2 $8Das @Groteske [Ts1] $9085495107 045F $a809 $eDDC23BSB 045F/01 $a809 045F/03 $f0904 045F/03 $g4385 045T $a7,20 $a8,1 045T $aGER $qDE-30 $2FID 045V $aHauptmann, Gerhart $816.15.00$jZu einzelnen Autoren [Tkx] $9118843702 lok: 45819085 62 exp: 45819085 62 1 #EPN 201B/01 $029-01-20 $t22:04:57.000 201C/01 $029-01-20 203@/01 $01077685807 208@/01 $a29-01-20 $be 209A/01 $a/ $f000 $x00 209B/01 $a2020 $x05 247C/01 $8Frankfurt, Bibliographie der Deutschen Sprach- und Literaturwissenschaft $9113214561 201U/01 $0utf8 lok: 45819085 78 exp: 45819085 78 1 #EPN 201B/01 $031-03-26 $t12:23:23.000 201C/01 $031-03-26 201U/01 $0utf8 203@/01 $01339229579 208@/01 $a31-03-26 $be 209A/01 $a/ $f000 $x00 209A/01 $ab*p $x01 209B/01 $a3 $x05 220C/01 $apgar 244Z/01 $#Schlesien $#Schlesien $#Herzogtum Schlesien $#Herzogtum Schlesien Schlesien $#Provinz Schlesien $#Śla̜sk $#Slezsko $#Silesia $74052678-1 $8--Tg1--Schlesien $x02 $9085146781 247C/01 $82080>Marburg/Lahn, Herder-Institut, Forschungsbibliothek, Bibliographieportal $9336309341
| LEADER | 00000caa a2200000 c 4500 | ||
|---|---|---|---|
| 001 | 458190853 | ||
| 003 | DE-603 | ||
| 005 | 20260331122323.0 | ||
| 007 | tu | ||
| 008 | 200129s2019 xx |||| | u00||u|eng c | ||
| 035 | |a (DE-599)HEB458190853 | ||
| 040 | |a DE-603 |b ger |c DE-603 |d DE-603 |e rda | ||
| 041 | |a eng | ||
| 082 | 0 | 4 | |8 1\u |a 809 |q DE-101 |2 23/BSB |
| 084 | |a 7,20 |a 8,1 |2 ssgn | ||
| 084 | |a GER |q DE-30 |2 fid | ||
| 085 | |8 1\u |b 809 | ||
| 085 | |8 1\u |z 1 |s 0904 | ||
| 085 | |8 1\u |z 2 |s 4385 | ||
| 100 | 1 | |a Jackson, S. E. |e Verfasser |4 aut |0 (DE-603)371010152 | |
| 245 | 0 | 0 | |a Rat teeth, not roses |b aesthetics and politics of the grotesque in Gerhart Hauptmanns's naturalist theater |c S. E. Jackson |
| 264 | 0 | |c 2019 | |
| 336 | |a Text |b txt |2 rdacontent | ||
| 337 | |a ohne Hilfsmittel zu benutzen |b n |2 rdamedia | ||
| 338 | |a Band |b nc |2 rdacarrier | ||
| 600 | 1 | 7 | |a Hauptmann, Gerhart |d 1862-1946 |t Vor Sonnenaufgang |0 (DE-588)4303413-5 |0 (DE-603)08666008X |2 gnd |
| 600 | 1 | 7 | |a Hauptmann, Gerhart |d 1862-1946 |t Rose Bernd |0 (DE-588)4234727-0 |0 (DE-603)086227998 |2 gnd |
| 650 | 7 | |a Das Groteske |0 (DE-588)4134841-2 |0 (DE-603)085495107 |2 gnd | |
| 773 | 0 | 8 | |i Enthalten in |t German studies review |d Baltimore, MD : The Johns Hopkins University Press, 1978- |x 0149-7952 |g Band 42, Heft 3 (2019), Seite 427-445 |w (DE-603)047645075 |w (DE-600)440605-9 |
| 924 | 0 | |9 603 |a (DE-603)1077685807 |b DE-603 |c HES |d d | |
| 924 | 0 | |9 2080 |a (DE-603)1339229579 |b DE-2080 |c HES |d d |g / | |


